000 ncm a22 a 4500
999 _c297442
_d297442
003 BLK
005 20200424135218.0
008 180414b bul |a|er|||| |0| c|bulo|
010 _aNOT00000566000
040 _aBLK
041 _aBUL
_cBUL
080 _aЕлементарна теория на музиката
_b781.2
_z781.2
100 1 _aЧобанова, Йоанна Светославова
_eпърви автор
_9388693
139 _aЧобанова, Йоанна
_bЧ 89
245 1 0 _aПрактически курс по елементарна теория на музиката
_bУч. помагало за средните муз. училища
_cЙоанна Светославова Чобанова.
250 _a2 изд.
257 _aBGR
260 _bМузика
_c1992
_aСофия
300 _a95 с.
_c30 см
380 _a7
500 _aИнв. № : 602657, 602658, 602659, 602660 са в Инв. книга на книгите
650 4 _aМузика - теория
_9258516
653 _aелементарна теория
653 _aмузика
852 _aЦб М ІІ 11000
_p0
856 4 _qpdf
_u
856 4 _qpdf
_u
942 _cNOT
_n0
_02
_s1
944 _aCR
_c13.08.2004
_kИрена_Линкова
944 _aED
_c11.10.2017
_kИрена_Линкова
944 _aED
_c2020-04-01
_kРенета Константинова
999 _d297442
999 _d297442